The whole world stamp catalog (Record no. 2425)

000 -LEADER
fixed length control field 00307nam a22000977a 4500
008 - FIXED-LENGTH DATA ELEMENTS--GENERAL INFORMATION
fixed length control field 170612b xxu||||| |||| 00| 0 eng d
100 ## - MAIN ENTRY--AUTHOR'S NAME
Author's Name West, Richard
245 ## - TITLE STATEMENT
Title The whole world stamp catalog
260 ## - PUBLICATION, DISTRIBUTION, ETC. (IMPRINT)
Place of publication, distribution, etc. New York
Name of publisher, distributor, etc. Crescent Books
Date of publication, distribution, etc. 1981
650 ## - TOPICAL TERM (Tag)
Topical term or geographic name Collecting | Catalogs and Price Lists | Agencies, Philatelic
Holdings
Withdrawn status Lost status Source of classification or shelving scheme Damaged status Koha normalized classification for sorting Not for loan Permanent Location Current Location Shelving location Date acquired Total Checkouts Total Holds Full call number Barcode Date last seen Copy number Price effective from Koha item type
        G3200 A1 W519   Northern Philatelic Library Northern Philatelic Library General Stacks 06/12/2017     G3200 A1 W519 1003093 06/12/2017 1 06/12/2017 Books
        G3200 A1 W519   Northern Philatelic Library Northern Philatelic Library General Stacks 06/12/2017     G3200 A1 W519 1003096 06/12/2017 2 06/12/2017 Books

Powered by Koha